شرح جرائم الأمن الوطني (Record no. 27125)
[ view plain ]
| 000 -LEADER | |
|---|---|
| fixed length control field | 00896nam a2200241Ii 4500 |
| 003 - CONTROL NUMBER IDENTIFIER | |
| control field | JO-AjNU |
| 008 - FIXED-LENGTH DATA ELEMENTS--GENERAL INFORMATION | |
| fixed length control field | 230605s9999||||xx |||||||||||||| ||und|| |
| 017 ## - COPYRIGHT OR LEGAL DEPOSIT NUMBER | |
| Copyright or legal deposit number | 2009/7399 |
| 020 ## - INTERNATIONAL STANDARD BOOK NUMBER | |
| International Standard Book Number | 978-99901-38-28-3 |
| 040 ## - CATALOGING SOURCE | |
| Original cataloging agency | JO-AjNU |
| Language of cataloging | ara |
| Description conventions | rda |
| Transcribing agency | JO-AjNU |
| 041 ## - LANGUAGE CODE | |
| Language code of text/sound track or separate title | ara |
| 050 14 - LIBRARY OF CONGRESS CALL NUMBER | |
| Classification number | KMF1440.7.B38.2009 |
| 100 3# - MAIN ENTRY--PERSONAL NAME | |
| Personal name | البطراوي ، عبدالوهاب عمر , |
| Relator term | author |
| 9 (RLIN) | 53090 |
| 245 00 - TITLE STATEMENT | |
| Title | شرح جرائم الأمن الوطني |
| 250 ## - EDITION STATEMENT | |
| Edition statement | ط3 |
| 264 31 - PRODUCTION, PUBLICATION, DISTRIBUTION, MANUFACTURE, AND COPYRIGHT NOTICE | |
| Place of production, publication, distribution, manufacture | مملكة البحرين : جامعة العلوم التطبيقية، 2009 |
| 300 ## - PHYSICAL DESCRIPTION | |
| Extent | 223ص |
| 336 ## - CONTENT TYPE | |
| Content type term | text |
| Content type code | txt |
| Source | rdacontent |
| 337 ## - MEDIA TYPE | |
| Media type term | unmediated |
| Media type code | n |
| Source | rdamedia |
| 338 ## - CARRIER TYPE | |
| Carrier type term | volume |
| Carrier type code | nc |
| Source | rdacarrier |
| 490 0# - SERIES STATEMENT | |
| Series statement | جامعة العلوم التطبيقية - مملكة البحرين ؛ سلسلة الكتب القانونية (1) |
| 650 #4 - SUBJECT ADDED ENTRY--TOPICAL TERM | |
| Topical term or geographic name entry element | جرائم سياسية -- قانون جنائي |
| 9 (RLIN) | 53091 |
| Withdrawn status | Lost status | Source of classification or shelving scheme | Damaged status | Not for loan | Home library | Current library | Shelving location | Date acquired | Total Checkouts | Full call number | Barcode | Date last seen | Price effective from | Koha item type |
|---|---|---|---|---|---|---|---|---|---|---|---|---|---|---|
| Library of Congress Classification | مكتبة جامعة عجلون الوطنية | مكتبة جامعة عجلون الوطنية | المجموعات العامة | 06/06/2023 | KMF1440.7.B38.2009 | A23557 | 06/06/2023 | 06/06/2023 | Books |